000 00602nam a2200181 i 4500
001 63752
003 ES-MaACL
005 20230906164947.0
007 t|
008 031216s1921 sp ||||1| spa d
100 1 _aFiggis, Darrel.
_950740
245 1 3 _aLa tragedia de Irlanda
_b: sus orígenes, su desarrollo histórico, su fase actual /
_c[por] Darrel Figgis y Erskine Childers ; traducción de A. Ruiz y Pablo.
260 _aBarcelona :
_bBarral,
_c1921.
300 _a294 p. ;
_c20 cm.
700 1 _aChilders, Erskine.
_938515
700 1 _aRuiz y Pablo, A.
_9100957
852 _aES-MaACL
_jF-5889
999 _c63752
_d63752